000 00562nam a2200193Ia 4500
005 20250507130309.0
008 008 250505s9999 xx 000 0 eng d
037 _aSeries Article
040 _aEASL
_beng
_cEASL
041 _aeng
_2eng
084 _qEASL
100 _aBano Massda
_9674293
245 0 _aMadrasa reforms and islamic modernism in bangladesh
260 _aUSA
_bNew York Cambridge University Press U.K
_c2014
300 _a911- 939
650 _aChina; Islamic modernism
_9755129
942 _cSRA
999 _c1318839
_d1318839